Statistics for Beatles Lyrics with No Hints (5)

Click here to take the quiz!

General Stats

  • This quiz has been taken 165 times
  • The average score is 133 of 213

Answer Stats

Lyrics% Correct
I
99%
A
95%
a
95%
He
92%
the
92%
an
89%
and
82%
In
82%
in
82%
my
81%
is
80%
to
80%
she
79%
We
78%
there
76%
There
76%
of
74%
go
71%
On
71%
his
66%
eyes
63%
for
63%
It's
61%
say
61%
that
61%
all
60%
ears
60%
head
60%
him
60%
Lane
60%
Penny
60%
then
60%
if
56%
know
56%
at
55%
blue
55%
come
55%
every
55%
people
54%
skies
54%
barber
53%
beneath
53%
see
53%
with
53%
he's
52%
as
51%
photographs
51%
very
51%
had
50%
rain
50%
suburban
50%
car
49%
mac
49%
she's
49%
strange
49%
back
48%
fire
47%
from
47%
hello
47%
keep
47%
pouring
47%
stop
46%
Behind
45%
behind
45%
clean
45%
likes
45%
machine
45%
showing
45%
never
44%
Queen
44%
engine
43%
pleasure
43%
children
42%
meanwhile
42%
motor
42%
sit
42%
laugh
41%
corner
40%
fireman
40%
pocket
40%
portrait
40%
wears
40%
banker
39%
another
38%
customer
37%
little
35%
hourglass
34%
selling
34%
shaves
33%
finger
32%
fish
32%
though
32%
play
30%
anyway
29%
pies
29%
roundabout
29%
rushes
29%
middle
28%
summer
28%
feels
27%
poppies
27%
trim
26%
nurse
25%
waiting
25%
pretty
24%
shelter
24%
sitting
22%
tray
22%
four
21%

Score Distribution

Percentile by Number Answered

Percent of People with Each Score

Your Score History

You have not taken this quiz